000 00466cam a22001934a 4500
005 20250605164315.0
008 250528s ||||||||||||||||||||||||d
035 _a22648
020 _a9781557865137
040 _aGR-AtMCL
_bgre
_dGR-AtMCL
_eAACR2
245 1 _aCONTEMPORARY STRATEGY ANALYSIS
250 _a2
260 _bBlackwell Business,
_c1995
300 _a452
700 1 _aGrant Robert M
_96650
942 _cBK
999 _c7696
_d7696